| 000 | 00344pam a2200145 4500 | ||
|---|---|---|---|
| 020 | _a0471164984 | ||
| 040 | _cDLC | ||
| 082 | 0 | 0 | _a574 WIL 1973 A028 Or. |
| 100 | 1 | _aColinvaux, Paul A., | |
| 245 | 1 | 0 | _aIntroduction to ecology |
| 260 |
_aNew York, _bWiley _c[1973] |
||
| 300 |
_aix, 621 p. _billus. _c26 cm. |
||
| 650 | 0 | _aEcology. | |
| 942 | _cEK | ||
| 999 |
_c13057 _d13057 |
||